| 000 | 00573nam a2200229 4500 | ||
|---|---|---|---|
| 001 | 2051 | ||
| 010 | _a9789899254251 | ||
| 021 |
_aPT _b537764/25 |
||
| 090 | _a2051 | ||
| 100 | _a20260212d2025 d||y0pory50030103ba | ||
| 101 | _apor | ||
| 102 | _aPT | ||
| 200 |
_aTu nasceste para ser feliz _fVera de Melo |
||
| 205 | _a1ª edição | ||
| 210 |
_aLisboa _cManuscrito _d2025 |
||
| 215 |
_a138, [5] p. _cil. _d21 cm |
||
| 300 | _aBMB-Registado | ||
| 606 |
_9815 _aLiteratura Juvenil |
||
| 675 |
_a087.5 _vBMB _zpor |
||
| 700 |
_aMelo _bVera de _92940 |
||
| 801 |
_aPT _bBMB _gRPC |
||
| 990 | _cLIVROS | ||